Mito del reyno de Chile: invención ilustrada de un Chile secreto 1533-1910
Guardat en:
| Autors principals: | , , |
|---|---|
| Format: | Llibre |
| Idioma: | espanyol |
| Publicat: |
Santiago
LOM
2009
|
| Edició: | 1a. ed |
| Matèries: | |
| Etiquetes: |
Afegir etiqueta
Sense etiquetes, Sigues el primer a etiquetar aquest registre!
|
MARC
| LEADER | 00000nam a2200000 a 4500 | ||
|---|---|---|---|
| 001 | UCG3407 | ||
| 003 | CL-VaPUC | ||
| 008 | 100826e20090000CL |||||||||||||||||spa|d | ||
| 020 | |a 9789560001283 | ||
| 082 | 0 | 4 | |a 8 |b ESC |2 21 |
| 100 | 0 | |a Escobar Morales, Marcelo |e author |9 552526 | |
| 700 | 0 | |a Araneda González, Marcela Paz |e author |9 552527 | |
| 700 | 0 | |a Beza Hermosilla, Marcelo |e author |9 552528 | |
| 245 | 1 | 0 | |a Mito del reyno de Chile: invención ilustrada de un Chile secreto 1533-1910 |
| 250 | |a 1a. ed | ||
| 300 | |a 103 p | ||
| 942 | |c BK | ||
| 945 | |d 20100826 00:00:00 |a mfarfan | ||
| 260 | |a Santiago |b LOM |c 2009 | ||
| 650 | 0 | |a Libros infantiles |9 389584 | |
| 650 | 0 | |a Historia de Chile |9 265473 | |
| 650 | 0 | |a Periodo Colonial |9 257430 | |
| 583 | |a last modification |c 20100826 00:00:00 |k Rodrigo Vera | ||
| 999 | |c 342475 |d 342473 | ||
| 952 | |0 0 |1 0 |4 0 |6 8_000000000000000_ESC_2009 |7 0 |8 C |9 438684 |a BIBCUR |b BIBCUR |d 2019-11-22 |i 4680170 |l 1 |o 8 ESC 2009 |p 4680170 |r 2025-04-22 |s 2024-11-05 |w 2019-11-22 |y BK |k INF | ||